| 000 | 00832nam a22002057a 4500 | ||
|---|---|---|---|
| 999 |
_c1389 _d1389 |
||
| 003 | AR-CdUCM | ||
| 008 | 190226b ||||| |||| 00| 0 spa d | ||
| 040 |
_aMUNICIPALIDAD PROVINCIAL DEL CUSCO _cBIBLIOTECA MUNICIPAL DEL CUSCO |
||
| 082 |
_a347.5107 / _bH17 |
||
| 100 |
_aHalperin, Isaac _95289 |
||
| 245 | _aManual de Sociedades Anónimas / | ||
| 260 |
_aBuenos Aires : _bRoque Depalma, _c1958. |
||
| 300 |
_a539 páginas ; _bgráficos, _c23 cm. |
||
| 505 | _aContenido: La situación de la sociedad anónima Argentina -- régimen legal Argentino -- fundamento del control estatal -- requisitos comunes -- constitución simultánea --constitución sucesiva ... | ||
| 650 |
_aDerecho Comercial _95267 |
||
| 650 |
_aSociedades Anónimas _95290 |
||
| 650 |
_aElementos bibliográficos _95291 |
||
| 942 |
_2ddc _cLIBROS |
||
| 945 | _aachl | ||